Statistics for Towns beginning with H: guess the country

Click here to take the quiz!

General Stats

  • This quiz has been taken 14 times
  • The average score is 15 of 20

Answer Stats

QuestionAnswer% Correct
HangzhouChina
100%
HoniaraSolomon Islands
100%
Hat YaiThailand
100%
HakodateJapan
92%
HermosilloMexico
92%
HyèresFrance
83%
HuancayoPeru
83%
Hafar Al-BatinSaudi Arabia
83%
Hualien CityTaiwan
83%
HeratAfghanistan
75%
HuamboAngola
75%
Hpa-AnMyanmar
75%
HamhungNorth Korea
75%
HuelvaSpain
75%
HamaSyria
75%
HaiphongVietnam
75%
HargeisaSomalia
67%
HinthadaMyanmar
42%
HolguinCuba
33%
HawallyKuwait
17%

Score Distribution

Percentile by Number Answered

Percent of People with Each Score

Your Score History

You have not taken this quiz